000 01951cad a22002175a 4500
001 L142656
008 080227e20080130xxk f w f000 0 eng d
035 _a(Sirsi) u142656
041 0 _aeng
110 1 _aUnited Kingdom Parliament
_bHouse of Lords
_93232
245 0 0 _aBoss Holdings Ltd v Grosvenor West End Properties
_h[electronic resource]
260 _c2008
520 _a[2008] UKHL 5, 30 January 2008. Considers whether a property which had become dilapidated but had originally been built for living in could be considered as designed for living within the meaning of the Leasehold Reform Act 1967 s2(1). The appellant (B) argued against a decision that it was not entitled to a declaration that it could acquire the freehold of a property under the Act. B leased a property which had been built as a private residence and later split for commercial and residential use. By the time the acquisition was attempted the property was vacant. The Court of Appeal agreed with the judge that the property was not within the Act's meaning as it was unfit for habitation. "Held": The wording of the Act was concerned with the past, and the property had originally been designed to be lived in. The fact that it was now unsuitable for habitation did not change its purpose. The Act could not have intended a condition so easily lent to subjective argument. Further, a house need not be a property solely intended for residence. The mixed use did not prevent the residential purpose of the property. Appeal allowed.
590 _aKA
650 2 4 _aBOSS HOLDINGS LTD V GROSVENOR WEST END PROPERTIES LTD AND ANOTHER
650 2 4 _aLEASEHOLD REFORM ACT 1967 S2(1)
651 4 _aUnited Kingdom
_y
690 _aPROPERTY-LANDLORD AND TENANT-LEASES-LEASEHOLD ENFRANCHISEMENT
856 4 0 _uhttps://www.publications.parliament.uk/pa/ld200708/ldjudgmt/jd080130/boss-1.htm
_zView the judgment free of charge at www.publications.parliament.uk...
942 _n0
999 _c79897
_d79897